00539nam a2200193 a 4500001001300000003000900013005001700022008004100039020001000080082001800090100002100108245003200129260003300161300000800194500003500202505007500237650001200312700002100324nice12345678IN_TiNIC20260116012143.0050524s0000 bada grp 000 0 urd  ac10000a231.044bBAR1 aBarkhurdar, Khan aSaloos-E-Muqadas Ki Tauheed aBadaun bNo Publisher c0000 a85p aincludes index and biblioraphy2 areprinted from"the bulletin of the john rylands library 1927,V.11,No.1 aTrinity1 aBarkhurdar, Khan